000 01791cam a22004214a 4500
001 14329849
003 NUST
005 20220818114032.0
008 060405s2007 mauab j b 001 0 eng
010 _a 2006011534
020 _a9780618581313 (hardcover)
020 _a0618581316 (hardcover)
035 _a(OCoLC)ocm67345881
035 _a(OCoLC)67345881
037 _bJunior Library Guild
_nhttp://www.juniorlibraryguild.com
038 _aAzhar
040 _aDLC
_cDLC
_dBKX
_dBAKER
_dBTCTA
_dTEF
_dDLC
042 _apcc
_alcac
050 0 0 _aGC232
_b.B87 2007
082 _a551.462
_bBUR
100 1 _aBurns, Loree Griffin.
_997962
245 1 0 _aTracking trash :
_bflotsam, jetsam, and the science of ocean motion
_cLoree Griffin Burns.
260 _aBoston :
_bHoughton Mifflin,
_c2007.
300 _a56 p. :
_bill. (chiefly col.), col. maps ;
_c24 x 29 cm.
440 0 _aScientists in the field
_997963
504 _aIncludes bibliographical references (p. 56) and index.
520 _aDescribes the work of a man who tracks trash as it travels great distances by way of ocean currents.
586 8 _aA Junior Library Guild selection
650 0 _aOcean currents
_vJuvenile literature.
_997964
650 0 _aMarine debris
_vJuvenile literature.
_997965
650 1 _aOcean currents.
_997966
650 1 _aPollution.
_92629
856 4 2 _3Publisher description
_uhttp://www.loc.gov/catdir/enhancements/fy0702/2006011534-d.html
856 4 2 _3Contributor biographical information
_uhttp://www.loc.gov/catdir/enhancements/fy0736/2006011534-b.html
906 _a7
_bcbc
_corignew
_d1
_eecip
_f20
_gy-gencatlg
942 _2ddc
_cLC
999 _c591206
_d591206